000 00856nam a22002417a 4500
005 20090505110443.0
008 090505t xxu||||| |||| 00| 0 eng d
010 _aENG-93425
020 _a8188683221
_c350.00
020 _a9788188683222
_c350.00
035 _aEN-76958
037 _bDBAD / PUB
040 _adpl
_bEnglish
082 _a170
100 _aPal, Jagat
245 _aAn inquiry into the nature of moral principles /
_cby Jagat Pal
260 _aDelhi
_bAbhijeet Publications
_c2004
270 _a2/46 Tukhmeerpur Extension
_bDelhi
_e110094
300 _avi, 151p.
_c22cm (Hb)
500 _aIncludes bibliographical references and index
942 _2ddc
_cEN
_mPAL
_h170
999 _c26074
_d26074